The English Roses / (Record no. 403)

MARC details
000 -LEADER
fixed length control field 01308nam a22003497a 4500
001 - CONTROL NUMBER
control field 403
003 - CONTROL NUMBER IDENTIFIER
control field FISKH
005 - DATE AND TIME OF LATEST TRANSACTION
control field 20230407150920.0
008 - FIXED-LENGTH DATA ELEMENTS--GENERAL INFORMATION
fixed length control field 230407b cb ||||| |||| 00| 0 eng d
020 ## - INTERNATIONAL STANDARD BOOK NUMBER
International Standard Book Number 051488019954
040 ## - CATALOGING SOURCE
Original cataloging agency DLC
Transcribing agency DLC
Modifying agency DLC
-- FISKH
Language of cataloging eng
042 ## - AUTHENTICATION CODE
Authentication code lcac
050 00 - LIBRARY OF CONGRESS CALL NUMBER
Classification number PZ7.M26573
Item number Eag 2003
082 00 - DEWEY DECIMAL CLASSIFICATION NUMBER
Classification number 371
Edition number 22
100 0# - MAIN ENTRY--PERSONAL NAME
Personal name Ciccone, Madonna Louise
Dates associated with a name 1958-
245 14 - TITLE STATEMENT
Title The English Roses /
Statement of responsibility, etc. by Madonna ; illustrated by Jeffrey Fulvimari.
250 ## - EDITION STATEMENT
Edition statement 1st ed.
260 ## - PUBLICATION, DISTRIBUTION, ETC.
Place of publication, distribution, etc. New York :
Name of publisher, distributor, etc. Callaway,
Date of publication, distribution, etc. 2003.
300 ## - PHYSICAL DESCRIPTION
Extent 46 p. :
Other physical details col. ill. ;
Dimensions 27 cm.
520 ## - SUMMARY, ETC.
Summary, etc. Four best friends are jealous of a neighbor girl and refuse to have anything to do with her, until they each have a dream in which a fairy godmother shows them what the girl's life is really like.
521 8# - TARGET AUDIENCE NOTE
Target audience note 680 <br/>
Source Lexile AD
521 8# - TARGET AUDIENCE NOTE
Target audience note M <br/>
Source Raz-Plus
650 #1 - SUBJECT ADDED ENTRY--TOPICAL TERM
Topical term or geographic name entry element Best friends
Form subdivision Fiction.
650 #1 - SUBJECT ADDED ENTRY--TOPICAL TERM
Topical term or geographic name entry element Friendship
Form subdivision Fiction.
650 #1 - SUBJECT ADDED ENTRY--TOPICAL TERM
Topical term or geographic name entry element Jealousy
Form subdivision Fiction.
650 #1 - SUBJECT ADDED ENTRY--TOPICAL TERM
Topical term or geographic name entry element Fairies
Form subdivision Fiction.
700 1# - ADDED ENTRY--PERSONAL NAME
Personal name Fulvimari, Jeffrey,
Relator term ill.
856 42 - ELECTRONIC LOCATION AND ACCESS
Materials specified Publisher description
Uniform Resource Identifier <a href="http://www.loc.gov/catdir/enhancements/fy1505/2003012261-d.html">http://www.loc.gov/catdir/enhancements/fy1505/2003012261-d.html</a>
906 ## - LOCAL DATA ELEMENT F, LDF (RLIN)
a 7
b cbc
c orignew
d 1
e ecip
f 20
g y-gencatlg
942 ## - ADDED ENTRY ELEMENTS (KOHA)
Source of classification or shelving scheme Dewey Decimal Classification
Koha item type Books
Suppress in OPAC No
Holdings
Withdrawn status Lost status Source of classification or shelving scheme Damaged status Not for loan Home library Current library Shelving location Date acquired Total Checkouts Full call number Barcode Date last seen Date last checked out Price effective from Koha item type
    Dewey Decimal Classification     Footprints International School Library Network Toul Kork Campus Footprints International School Library Network Toul Kork Campus TK Primary Library Room(4th Floor), Bookcase 5&6, Shelves 33-56, Orange Books 04/07/2023 2 MAD 371 PZ7.M26573 2023-0074 12/09/2025 08/29/2025 04/07/2023 Books